Tomahawk Tom (Registo nº 1833)

Detalhes MARC
000 -Etiqueta do registo
Cabeçalho 00695nam a22002291 4500
005 - Identificador da versão
Campo de controlo 20240827103646.0
021 ## - Número do Depósito Legal
Código do país PT
Número 20464/88
100 ## - Dados gerais de processamento
Dados gerais de processamento 20070514d1988 am y0pory5003 ba
101 1# - Língua de publicação
Língua do texto, banda sonora, etc. Português
Língua do documento no original Inglês
102 ## - Pais de publicação ou produção
País de publicação Portugal
105 ## - Campo de dados codificados: livros
Dados codificados dos livros a t 000ay
200 1# - Titulo e menção de responsabilidade
Título próprio Tomahawk Tom
Informação de outro título o espírito de Manitu
Primeira menção de responsabilidade Vitor Péon
Outras menções de responsabilidade adapt. e coord. Jorge Magalhães
210 ## - Publicação, Distribuição, etc. 
Lugar da edição, distribuição, etc. [Lisboa]
Nome do editor, distribuidor, etc. Futura
Data da publicação, distribuição, etc. D.L. 1988
215 ## - Descrição física 
Indicação específica da natureza do documento e extensão da espécie 36 p.
Outras indicações físicas todo il.
Dimensões 30 cm
225 2# - Colecção 
Título próprio da colecção Antologia da BD portuguesa
Indicação de volume 18
606 ## - Nome comum usado como assunto
Número de registo de entrada de autoridade 0000255
Palavra de ordem Literatura estrangeira juvenil
Subdivisão de assunto Banda desenhada
675 ## - Classificação Decimal Universal (CDU)
Notação 82-9
Edição
Língua da edição por
700 #1 - Nome de autor-pessoa física (responsabilidade principal)
Número de registo de entrada de autoridade 0000317
Palavra de ordem Péon
Outra parte do nome não tomada para palavra de ordem Vitor
Datas 1923-
702 #1 - Nome de autor-pessoa física (responsabilidade secundária)
Número de registo de entrada de autoridade 0000257
Palavra de ordem Magalhães
Outra parte do nome não tomada para palavra de ordem Jorge
Código de função Editor literário / Coordenador
942 ## - Elementos de entrada adicionados (Koha)
Tipo de item no Koha Livro
Exemplares
Situação do levantamento Origin of item (home branch) (coded) Biblioteca de empréstimo Código de barras Cota Circulation type (not for loan) Tipo de documento Nota do exemplar Damaged status
  Biblioteca Escolar da Coca Maravilhas Biblioteca Escolar da Coca Maravilhas BECM85/90 8BD TOM   Livro Sem mensagem